| 000 | 00410nam a2200193Ia 4500 | ||
|---|---|---|---|
| 008 | 210210b xxu||||| |||| 00| 0 eng d | ||
| 041 | _aeng | ||
| 082 | _a430/27 | ||
| 100 | _aLIVY | ||
| 245 | _aHistoriarum, Tom I Part II lib-6-10 | ||
| 260 |
_a _bNot Mentioned _c |
||
| 650 | _aTom | ||
| 650 | _aPart | ||
| 650 | _alib-6-10 | ||
| 650 | _aII | ||
| 650 | _aI | ||
| 650 | _aHistoriarum, | ||
| 906 | _a006169 | ||
| 999 |
_c128261 _d128261 |
||